| 000 | 00954nam a2200241 i 4500 | ||
|---|---|---|---|
| 001 | 180321 | ||
| 003 | ES-MaACL | ||
| 005 | 20230906221048.0 | ||
| 008 | 120528s1997 sp | |||| ||spa d | ||
| 020 | _a84-89794-07-3 v. 1 | ||
| 080 | _a821.134.2-2"16" | ||
| 100 | 1 |
_aCastro, Guillén de. _936858 |
|
| 245 | 1 | 0 |
_aObras completas. _nI / _cGuillén de Castro ; [edición y prólogo de Joan Oleza]. |
| 260 |
_aMadrid : _bFundación José Antonio de Castro, _c1997. |
||
| 300 |
_aXXXV, 1068 p. ; _c23 cm. |
||
| 490 | 1 | _aBiblioteca Castro | |
| 500 | 0 | _aEn 5 v. | |
| 505 | 8 | _aContiene: El amor constante. El caballero bobo. El desengaño dichoso. El nacimiento de Montesinos. El conde de Alarcos. La humildad soberbia. Los malcasados de Valencia. El conde de Irlos. El curioso impertinente. Don Quijote de la Mancha | |
| 700 | 1 |
_aOleza, Joan. _9150143 |
|
| 830 | 0 |
_aBiblioteca Castro _9178957 |
|
| 852 |
_aES-MaACL _jL-29901 |
||
| 999 |
_c180321 _d180321 |
||